[Event "8th EUR-ch (w)"]
[Site "Dresden GER"]
[Date "2007.04.08"]
[Round "6"]
[White "Kosintseva, Tatiana"]
[Black "Rajlich, Iweta"]
[Result "1-0"]
[WhiteElo "2459"]
[BlackElo "2408"]
[EventDate "2007.04.03"]
[PlyCount "123"]

1.e4 e6 2.d4 d5 3.Nc3 Bb4 4.e5 c5 5.a3 Bxc3+ 6.bxc3 Nc6 7.Qg4 g6 8.Qd1 Qa5
9.Bd2 c4 10.g3 Nge7 11.Bg2 f6 12.Nf3 fxe5 13.dxe5 Bd7 14.O-O h6 15.Nd4 
Nxd4 16.cxd4 c3 17.Be3 O-O-O 18.a4 Kb8 19.Qc1 Rc8 20.Qa3 Nf5 21.g4 Nh4 22.
Qe7 Qd8 23.Qxd8 Rcxd8 24.a5 Bb5 25.Rfe1 Rc8 26.Ra3 h5 27.h3 hxg4 28.hxg4 
Rh7 29.Bg5 Rc4 30.Rd1 Rb4 31.Bxh4 Rxh4 32.Bf3 Rc4 33.Kg2 Rc8 34.Rb1 Bc4 
35.Kg3 Rch8 36.Bg2 Be2 37.f3 g5 38.Rxc3 Rf8 39.Re3 Bc4 40.Ree1 Rf4 41.c3 
Rf8 42.Rh1 Bd3 43.Rbc1 Rxh1 44.Rxh1 Rc8 45.Rh6 Rxc3 46.Rxe6 b5 47.axb6 a5 
48.Re7 a4 49.Ra7 Bb5 50.e6 Rc6 51.Ra5 Bc4 52.e7 Re6 53.Rxa4 Kb7 54.Ra7+ 
Kxb6 55.e8=Q Rxe8 56.Rg7 Kb5 57.Rxg5 Kb4 58.f4 Rd8 59.Kf2 Kc3 60.Ke3 Rh8 
61.Bxd5 Rh3+ 62.Bf3 1-0

[Event "8th EUR-ch (w)"]
[Site "Dresden GER"]
[Date "2007.04.08"]
[Round "6"]
[White "Hoang Thanh Trang"]
[Black "Atalik, Ekaterina"]
[Result "1/2-1/2"]
[WhiteElo "2472"]
[BlackElo "2374"]
[EventDate "2007.04.03"]
[PlyCount "127"]

1.d4 Nf6 2.Bg5 e6 3.Nd2 c5 4.Ne4 Na6 5.Bxf6 gxf6 6.dxc5 Nxc5 7.Nd6+ Bxd6 
8.Qxd6 Qe7 9.Qxe7+ Kxe7 10.e3 b6 11.Ne2 Ba6 12.Nc3 Bxf1 13.Rxf1 d5 14.
O-O-O f5 15.g3 Rac8 16.Kb1 Nb7 17.Rd4 Nd6 18.Ne2 Ne4 19.c3 Rhg8 20.f3 Nd6 
21.Nf4 Rc5 22.Ng2 Rc4 23.Rfd1 Rgc8 24.Rxc4 Rxc4 25.Kc2 a5 26.Nf4 b5 27.b3 
Rc8 28.Kb2 a4 29.Rd4 a3+ 30.Kc2 Rg8 31.Nd3 Kf6 32.Rh4 Kg7 33.Nb4 Rc8 34.
Kd2 Ra8 35.Nc2 e5 36.Nb4 e4 37.f4 Rd8 38.g4 h6 39.Nc6 Rc8 40.Ne7 Rd8 41.
gxf5 Kf6 42.Nc6 Rh8 43.Nb4 h5 44.Nxd5+ Kxf5 45.Nb4 Kf6 46.f5 Kxf5 47.Nc2 
Ke5 48.Nd4 f5 49.Ne2 Kf6 50.Rf4 h4 51.Rf1 Rg8 52.Nf4 Nf7 53.Ke2 Ne5 54.Rd1
Nf3 55.h3 Rc8 56.Rc1 Ke5 57.c4 bxc4 58.bxc4 Rb8 59.Rc2 Rb2 60.Kd1 Rb1+ 61.
Rc1 Rb2 62.Rc2 Rb1+ 63.Rc1 Rb2 64.Rc2 1/2-1/2

[Event "8th EUR-ch (w)"]
[Site "Dresden GER"]
[Date "2007.04.08"]
[Round "6"]
[White "Kosintseva, Nadezhda"]
[Black "Michna, Marta"]
[Result "1-0"]
[WhiteElo "2475"]
[BlackElo "2355"]
[EventDate "2007.04.03"]
[PlyCount "59"]

1.e4 e6 2.d4 d5 3.Nc3 Nc6 4.Nf3 Nf6 5.e5 Ne4 6.Ne2 f6 7.Ng3 fxe5 8.dxe5 
Bc5 9.Nxe4 dxe4 10.Qxd8+ Nxd8 11.Ng5 Bd4 12.Nxe4 Bxe5 13.Bd3 Bd7 14.O-O 
O-O 15.Re1 Bd4 16.c3 Bb6 17.Be3 Bxe3 18.Rxe3 b6 19.Ng5 h6 20.Nf3 Nf7 21.
Bc4 Rfe8 22.Rae1 Nd8 23.Ne5 Bc8 24.f4 Rf8 25.g3 Rf6 26.Rd1 Bb7 27.Ng4 Rg6 
28.h3 Rxg4 29.hxg4 Rb8 30.Bb5 1-0

[Event "8th EUR-ch (w)"]
[Site "Dresden GER"]
[Date "2007.04.08"]
[Round "6"]
[White "Javakhishvili, Lela"]
[Black "Mamedyarova, Zeinab"]
[Result "1/2-1/2"]
[WhiteElo "2425"]
[BlackElo "2354"]
[EventDate "2007.04.03"]
[PlyCount "35"]

1.d4 d5 2.c4 dxc4 3.Nf3 Nf6 4.e3 c5 5.Bxc4 e6 6.O-O cxd4 7.exd4 Be7 8.Qe2 
O-O 9.Nc3 b6 10.Bg5 Nc6 11.Rad1 Na5 12.Bd3 Bb7 13.Bb1 Nd5 14.Qd3 g6 15.Bh6
Re8 16.Ne4 Nf6 17.Qe2 Rc8 18.Ne5 1/2-1/2

[Event "8th EUR-ch (w)"]
[Site "Dresden GER"]
[Date "2007.04.08"]
[Round "6"]
[White "Muzicuk, Anna"]
[Black "Vasylevich, Tatiana"]
[Result "1/2-1/2"]
[WhiteElo "2474"]
[BlackElo "2383"]
[EventDate "2007.04.03"]
[PlyCount "90"]

1.e4 c5 2.Nf3 e6 3.c4 Nc6 4.Nc3 Nd4 5.d3 Ne7 6.g3 Nec6 7.Bg2 g6 8.O-O Bg7 
9.Nxd4 Nxd4 10.Be3 O-O 11.Rb1 d6 12.Qd2 Rb8 13.a3 Bd7 14.b4 Qc7 15.Ne2 
Nxe2+ 16.Qxe2 a5 17.Qd2 axb4 18.axb4 Bd4 19.bxc5 dxc5 20.Bxd4 cxd4 21.Rb4 
e5 22.f4 f6 23.h4 Kg7 24.h5 Bc6 25.h6+ Kg8 26.Rbb1 Qe7 27.fxe5 fxe5 28.Bh3
Rxf1+ 29.Rxf1 Rf8 30.Rxf8+ Kxf8 31.Qf2+ Ke8 32.Kg2 Bd7 33.Bxd7+ Kxd7 34.
Qb2 Kc7 35.Qb5 Qf6 36.Qc5+ Kb8 37.Qd5 Qg5 38.Qg8+ Ka7 39.Qxh7 Qd2+ 40.Kh3 
Qg5 41.g4 Qf4 42.Kh4 Qf6+ 43.Kg3 Qf4+ 44.Kh3 Qf3+ 45.Kh4 Qf6+ 1/2-1/2

[Event "8th EUR-ch (w)"]
[Site "Dresden GER"]
[Date "2007.04.08"]
[Round "6"]
[White "Khurtsidze, Nino"]
[Black "Vasilevich, Irina"]
[Result "1-0"]
[WhiteElo "2469"]
[BlackElo "2380"]
[EventDate "2007.04.03"]
[PlyCount "51"]

1.d4 Nf6 2.c4 e6 3.Nf3 Bb4+ 4.Nbd2 O-O 5.a3 Be7 6.e4 d5 7.Bd3 b6 8.e5 Nfd7
9.h4 h6 10.Ng5 Nc6 11.Ndf3 dxc4 12.Bh7+ Kh8 13.Be4 Bb7 14.Qe2 Bxg5 15.hxg5
Nxd4 16.Nxd4 Bxe4 17.Qxe4 Nc5 18.Qe3 Nd3+ 19.Kf1 Qd5 20.gxh6 g6 21.Nf3 Nc5
22.Bd2 Rad8 23.Bb4 Nb3 24.Bxf8 Nxa1 25.Bg7+ Kh7 26.Bf6 1-0

[Event "8th EUR-ch (w)"]
[Site "Dresden GER"]
[Date "2007.04.08"]
[Round "6"]
[White "Dworakowska, Joanna"]
[Black "Lahno, Kateryna"]
[Result "0-1"]
[WhiteElo "2363"]
[BlackElo "2467"]
[EventDate "2007.04.03"]
[PlyCount "66"]

1.e4 e5 2.Nf3 Nc6 3.Bb5 a6 4.Bxc6 dxc6 5.O-O Ne7 6.Nxe5 Qd4 7.Qh5 g6 8.Qg5
Bg7 9.Nd3 f5 10.e5 c5 11.b3 b6 12.Bb2 Qd5 13.Nc3 Qc6 14.Qe3 Bb7 15.f3 
O-O-O 16.a4 a5 17.Nb5 Kb8 18.Rad1 Nd5 19.Qe2 g5 20.c4 Ne7 21.Nc1 Ng6 22.d4
Nf4 23.Qc2 cxd4 24.Nxd4 Qc5 25.Qxf5 Qe7 26.Rfe1 Rdf8 27.Qc2 g4 28.fxg4 
Nxg2 29.Re2 Nf4 30.Re3 Qh4 31.Nf3 Qxg4+ 32.Kf1 Bxf3 33.Rd2 Nh3 0-1

[Event "8th EUR-ch (w)"]
[Site "Dresden GER"]
[Date "2007.04.08"]
[Round "6"]
[White "Pahtz, Elisabeth"]
[Black "Vozovic, Oksana"]
[Result "1-0"]
[WhiteElo "2442"]
[BlackElo "2356"]
[EventDate "2007.04.03"]
[PlyCount "51"]

1.e4 Nc6 2.Nf3 e5 3.Bc4 Bc5 4.c3 Nf6 5.Qe2 d6 6.d3 a6 7.Bb3 Be6 8.Bc2 Ba7 
9.h3 h6 10.Nbd2 O-O 11.Nf1 Ne7 12.g4 Ng6 13.Ng3 d5 14.Nf5 dxe4 15.dxe4 Nf4
16.Bxf4 exf4 17.e5 Bxf5 18.gxf5 Re8 19.Rg1 Qd5 20.Kf1 Kh8 21.Bb3 Qd7 22.
Qc4 b5 23.Qxf7 Qd3+ 24.Kg2 Rf8 25.Qg6 Qe2 26.Kh2 1-0

[Event "8th EUR-ch (w)"]
[Site "Dresden GER"]
[Date "2007.04.08"]
[Round "6"]
[White "Arakhamia-Grant, Ketevan"]
[Black "Khukhashvili, Sopiko"]
[Result "1/2-1/2"]
[WhiteElo "2435"]
[BlackElo "2334"]
[EventDate "2007.04.03"]
[PlyCount "155"]

1.e4 c5 2.Nf3 Nc6 3.d4 cxd4 4.Nxd4 Nf6 5.Nc3 d6 6.Bg5 e6 7.Qd2 a6 8.O-O-O 
Bd7 9.f4 b5 10.Bxf6 gxf6 11.Nxc6 Bxc6 12.Qe1 Ra7 13.Bd3 Qb6 14.Kb1 Qc5 15.
Qh4 Be7 16.Qh6 a5 17.Qg7 Rf8 18.Qxh7 a4 19.Ne2 b4 20.b3 f5 21.e5 dxe5 22.
Qg7 Bd6 23.Bc4 Rd7 24.fxe5 Bxe5 25.Qg5 Be4 26.Rxd7 Kxd7 27.Rd1+ Kc7 28.Qd2
Kb6 29.g3 Rh8 30.Nf4 axb3 31.Bxb3 Qc3 32.Qxc3 Bxc3 33.h4 Rg8 34.Ne2 Be5 
35.a3 bxa3 36.Ka2 Kc5 37.Rd7 Bb2 38.Rxf7 Rd8 39.Bxe6 Rd6 40.Nf4 Kb6 41.
Bxf5 Bc6 42.Bd3 Rd8 43.Re7 Rg8 44.Be4 Bb5 45.Bd3 Bc6 46.Ne2 Bd5+ 47.c4 Bf3
48.Re3 Bg4 49.Nf4 Kc5 50.Bc2 Rb8 51.Re4 Bf5 52.Nd3+ Kd6 53.Re2 Bxd3 54.
Bxd3 Rg8 55.Re3 Bd4 56.Re4 Bf2 57.g4 Bxh4 58.Kxa3 Bf6 59.Bc2 Ra8+ 60.Ba4 
Kc5 61.Kb3 Rh8 62.Bb5 Rh3+ 63.Kc2 Bc3 64.Rf4 Rg3 65.Bd7 Be5 66.Re4 Rc3+ 
67.Kd2 Rxc4 68.Rxe5+ Kd6 69.Rg5 Kxd7 70.Kd3 Ra4 71.Ke3 Ke6 72.Kf3 Kf6 73.
Rg8 Kf7 74.Rb8 Kg6 75.Rb6+ Kg5 76.Rb5+ Kg6 77.Kg3 Ra1 78.Rb6+ 1/2-1/2

[Event "8th EUR-ch (w)"]
[Site "Dresden GER"]
[Date "2007.04.08"]
[Round "6"]
[White "Korbut, Ekaterina"]
[Black "Repkova, Eva"]
[Result "1-0"]
[WhiteElo "2429"]
[BlackElo "2328"]
[EventDate "2007.04.03"]
[PlyCount "67"]

1.e4 d5 2.exd5 Qxd5 3.Nc3 Qa5 4.d4 c6 5.Nf3 Nf6 6.Bc4 Bf5 7.Bd2 e6 8.Nd5 
Qd8 9.Nxf6+ gxf6 10.Bb3 Be4 11.Qe2 Bd5 12.c4 Bxf3 13.Qxf3 Qxd4 14.Bc3 Qb6 
15.Qxf6 Rg8 16.O-O-O Be7 17.Qf3 Qc5 18.Kb1 Nd7 19.g3 Rg5 20.Qe2 O-O-O 21.
Bc2 h5 22.f4 Rgg8 23.f5 e5 24.Qxh5 Qxc4 25.Bb3 Qe4+ 26.Ka1 Rdf8 27.Bxf7 
Rg5 28.Qh7 Rxf5 29.Bg6 Qxh1 30.Rxh1 Rf1+ 31.Rxf1 Rxf1+ 32.Bb1 Bf6 33.a3 
Nb6 34.Qh3+ 1-0

[Event "8th EUR-ch (w)"]
[Site "Dresden GER"]
[Date "2007.04.08"]
[Round "6"]
[White "Bojkovic, Natasa"]
[Black "Burtasova, Anna"]
[Result "1-0"]
[WhiteElo "2408"]
[BlackElo "2314"]
[EventDate "2007.04.03"]
[PlyCount "137"]

1.e4 e5 2.Nf3 Nc6 3.Bb5 a6 4.Ba4 d6 5.O-O Bd7 6.c3 g6 7.d4 Bg7 8.Re1 Nge7 
9.dxe5 dxe5 10.Be3 O-O 11.Bc5 Qe8 12.Nbd2 b6 13.Ba3 Rd8 14.Qe2 Nd4 15.cxd4
Bxa4 16.d5 Bb5 17.Nc4 f6 18.Qc2 Rf7 19.Rac1 Nc8 20.b3 c6 21.Ne3 Bh6 22.
dxc6 Bxe3 23.Rxe3 Rc7 24.Rc3 Rxc6 25.Nd2 Bd3 26.Qb2 Rxc3 27.Qxc3 Na7 28.
Qb4 Nb5 29.Qe7 Nxa3 30.Qxa3 Be2 31.Nf1 Bxf1 32.Rxf1 a5 33.h3 Qc6 34.Rc1 
Qd6 35.Qa4 Qd4 36.Qc6 Qd6 37.Qb7 Rd7 38.Rc8+ Kg7 39.Qa8 f5 40.exf5 gxf5 
41.Rg8+ Kh6 42.Qc8 e4 43.Rg3 Rf7 44.Qc1+ f4 45.Rg4 Qc5 46.Qe1 Qb4 47.Qd1 
Qc3 48.Qd5 Qa1+ 49.Kh2 Qf6 50.Qxe4 Qf5 51.Qc6+ Qf6 52.Qc1 Kh5 53.Qd1 Kh6 
54.Qd2 Kh5 55.Qd5+ Kh6 56.Qe4 Qf5 57.Qc4 Qf6 58.a3 Qf5 59.Qc6+ Qf6 60.Qf3 
Qd6 61.Rh4+ Kg7 62.Rg4+ Kh6 63.b4 axb4 64.axb4 Rf6 65.Rh4+ Kg7 66.Qg4+ Rg6
67.Qxf4 Qxf4+ 68.Rxf4 h6 69.Rg4 1-0

[Event "8th EUR-ch (w)"]
[Site "Dresden GER"]
[Date "2007.04.08"]
[Round "6"]
[White "Vajda, Szidonia"]
[Black "Zakurdyaeva, Irina"]
[Result "1/2-1/2"]
[WhiteElo "2407"]
[BlackElo "2286"]
[EventDate "2007.04.03"]
[PlyCount "29"]

1.e4 d6 2.d4 g6 3.Nf3 Bg7 4.Nc3 a6 5.a4 Bg4 6.Be2 Nc6 7.Be3 Nf6 8.h3 Bxf3 
9.Bxf3 O-O 10.O-O e5 11.dxe5 dxe5 12.Nd5 Nxd5 13.exd5 Nd4 14.Bxd4 exd4 15.
Qd3 1/2-1/2

[Event "8th EUR-ch (w)"]
[Site "Dresden GER"]
[Date "2007.04.08"]
[Round "6"]
[White "Rudolf, Anna"]
[Black "Foisor, Cristina"]
[Result "0-1"]
[WhiteElo "2301"]
[BlackElo "2384"]
[EventDate "2007.04.03"]
[PlyCount "90"]

1.e4 c6 2.d4 d5 3.Nc3 g6 4.h3 Bg7 5.Nf3 Nh6 6.Bd3 O-O 7.O-O f6 8.Re1 Nf7 
9.Qe2 e6 10.b3 Bd7 11.Bb2 a5 12.Na4 b6 13.Rad1 Re8 14.c4 Ra7 15.Nc3 dxc4 
16.bxc4 e5 17.c5 b5 18.d5 b4 19.dxc6 Bxc6 20.Nb5 Rd7 21.Bc4 Bf8 22.Qc2 Kg7
23.a3 Bxc5 24.Rxd7 Nxd7 25.Rd1 Re7 26.Bxf7 Bxb5 27.Ba2 Qb6 28.axb4 axb4 
29.Qb3 Bxf2+ 30.Kh1 Be3 31.Qxb4 Bc5 32.Qb3 Be2 33.Qg8+ Kh6 34.Bc1+ Be3 35.
Rd6 Qc5 36.Bxe3+ Qxe3 37.Qd8 Bxf3 38.gxf3 Qxf3+ 39.Kg1 Qg3+ 40.Kf1 Qxh3+ 
41.Kg1 Qe3+ 42.Kf1 Qf4+ 43.Kg1 Qc1+ 44.Kg2 Qb2+ 45.Kf1 Qa1+ 0-1

[Event "8th EUR-ch (w)"]
[Site "Dresden GER"]
[Date "2007.04.08"]
[Round "6"]
[White "Kadimova, Ilaha"]
[Black "Socko, Monika"]
[Result "1/2-1/2"]
[WhiteElo "2339"]
[BlackElo "2481"]
[EventDate "2007.04.03"]
[PlyCount "108"]

1.d4 Nf6 2.c4 e6 3.Nc3 Bb4 4.Qc2 O-O 5.a3 Bxc3+ 6.Qxc3 d6 7.Bg5 Nbd7 8.Nf3
b6 9.e3 Bb7 10.Be2 Rc8 11.Bh4 c5 12.dxc5 Rxc5 13.b4 Rc8 14.Qb2 Qe7 15.O-O 
Bxf3 16.gxf3 Ne5 17.Rac1 Ng6 18.Bxf6 gxf6 19.Rfd1 f5 20.f4 e5 21.Bf3 Rfd8 
22.fxe5 dxe5 23.Rxd8+ Rxd8 24.Rd1 Nh4 25.Rxd8+ Qxd8 26.Bd5 e4 27.Kf1 Nf3 
28.Ke2 Qd6 29.h3 Ng1+ 30.Kd2 Nxh3 31.Qd4 Ng5 32.Kc3 Kf8 33.c5 bxc5 34.bxc5
Qc7 35.Kb4 Nf3 36.Qh8+ Ke7 37.Bxf7 Ne5 38.Bc4 a5+ 39.Kb3 Qxc5 40.Qxh7+ Kd6
41.Qh6+ Kc7 42.Qg7+ Kb6 43.Qf6+ Nc6 44.Qe6 Kc7 45.Qd5 Qb6+ 46.Kc2 Ne7 47.
Qe5+ Kd7 48.Kc3 Qc7 49.Qb5+ Kd6 50.Kb3 Qc5 51.Ka4 Qc7 52.Bb3 Qc1 53.Qb8+ 
Kd7 54.Qb5+ Kd6 1/2-1/2

[Event "8th EUR-ch (w)"]
[Site "Dresden GER"]
[Date "2007.04.08"]
[Round "6"]
[White "Foisor, Sabina-Francesca"]
[Black "Dembo, Yelena"]
[Result "1/2-1/2"]
[WhiteElo "2333"]
[BlackElo "2470"]
[EventDate "2007.04.03"]
[PlyCount "105"]

1.d4 Nf6 2.c4 g6 3.Nc3 Bg7 4.e4 d6 5.f3 O-O 6.Be3 c5 7.dxc5 dxc5 8.Qxd8 
Rxd8 9.Bxc5 Nc6 10.Nd5 Nd7 11.Bxe7 Nxe7 12.Nxe7+ Kf8 13.Nd5 Bxb2 14.Rb1 
Bg7 15.Nh3 Nc5 16.Nf2 Be6 17.Nd3 Na4 18.Rxb7 Rab8 19.Rb3 Bxd5 20.exd5 Re8+
21.Kf2 Bd4+ 22.Kg3 Rxb3 23.axb3 Nc3 24.h4 Re3 25.Kh2 a5 26.Nf4 Nb1 27.Bd3 
Nd2 28.Rd1 Nxb3 29.Bc2 Be5 30.Bxb3 Bxf4+ 31.g3 Bd6 32.Ba4 Ke7 33.f4 Bb4 
34.Kg2 Kd6 35.h5 gxh5 36.Rh1 Re2+ 37.Kf3 Ra2 38.Bb5 a4 39.Rxh5 a3 40.Rxh7 
Rc2 41.Rh6+ Ke7 42.Ra6 f5 43.c5 Bxc5 44.d6+ Bxd6 45.Bd3 Rc3 46.Ke2 Rb3 47.
Bxf5 Rxg3 48.Bd3 a2 49.Bc4 Ba3 50.Bxa2 Rg2+ 51.Kd3 Rxa2 52.Kc4 Ra1 53.Kb3 
1/2-1/2

[Event "8th EUR-ch (w)"]
[Site "Dresden GER"]
[Date "2007.04.08"]
[Round "6"]
[White "Kursova, Maria"]
[Black "Cmilyte, Viktorija"]
[Result "1-0"]
[WhiteElo "2324"]
[BlackElo "2462"]
[EventDate "2007.04.03"]
[PlyCount "109"]

1.d4 f5 2.Bg5 g6 3.Nd2 Bg7 4.e4 fxe4 5.Nxe4 d5 6.Nc5 b6 7.Nb3 Nf6 8.Nf3 
Ne4 9.Bh4 O-O 10.Be2 Qd6 11.O-O Nd7 12.c4 c6 13.Qc2 Ndf6 14.Ne5 g5 15.Bg3 
Nxg3 16.hxg3 dxc4 17.Bxc4+ e6 18.f4 g4 19.Rae1 a5 20.f5 Nd5 21.fxe6 Bxe6 
22.Rxf8+ Rxf8 23.Bd3 Nf6 24.Qxc6 Qxc6 25.Nxc6 Bf7 26.Ne7+ Kh8 27.Nf5 a4 
28.Nd2 Bxa2 29.Ra1 Be6 30.Nxg7 Kxg7 31.Rxa4 Rd8 32.Ne4 Nxe4 33.Bxe4 h5 34.
Kf2 Kf6 35.Ke3 Re8 36.Kd3 b5 37.Ra6 Kg5 38.Ra8 Bc4+ 39.Ke3 Re7 40.Ra5 h4 
41.b3 Bf1 42.gxh4+ Kxh4 43.Ra2 b4 44.d5 Bb5 45.d6 Re6 46.Rd2 Bd7 47.Kf4 g3
48.Rd1 Rf6+ 49.Ke5 Rf8 50.Rh1+ Kg5 51.Rh7 Re8+ 52.Re7 Rxe7+ 53.dxe7 Bb5 
54.Ke6 Be8 55.Bd3 1-0

[Event "8th EUR-ch (w)"]
[Site "Dresden GER"]
[Date "2007.04.08"]
[Round "6"]
[White "Kovalevskaya, Ekaterina"]
[Black "Kochetkova, Yulia"]
[Result "1-0"]
[WhiteElo "2432"]
[BlackElo "2320"]
[EventDate "2007.04.03"]
[PlyCount "83"]

1.e4 e6 2.Qe2 e5 3.Nf3 Nc6 4.g3 Bc5 5.Bg2 d6 6.d3 Nge7 7.Be3 Bxe3 8.fxe3 
d5 9.exd5 Nxd5 10.O-O O-O 11.Nbd2 Qe7 12.Nc4 Nb6 13.b3 Bg4 14.Qf2 Rad8 15.
Nh4 Nd5 16.e4 Nf6 17.Ne3 Nd4 18.h3 Be6 19.Kh2 Qc5 20.Rae1 b5 21.g4 a5 22.
Bf3 h6 23.Bd1 Nh7 24.Nhf5 Bxf5 25.gxf5 Qd6 26.Rg1 g5 27.Qg3 Rfe8 28.Rg2 
Kf8 29.a4 c6 30.c3 Nxb3 31.Bxb3 Qxd3 32.axb5 Qxc3 33.Ng4 Qxg3+ 34.Rxg3 
cxb5 35.Bd5 Rd6 36.Rc1 h5 37.Ne3 Rb6 38.Rg2 Re7 39.Rc8+ Kg7 40.Bc6 Nf6 41.
Rxg5+ Kh7 42.Nd5 1-0

[Event "8th EUR-ch (w)"]
[Site "Dresden GER"]
[Date "2007.04.08"]
[Round "6"]
[White "Celuskina, Irina"]
[Black "Jackova, Jana"]
[Result "1-0"]
[WhiteElo "2332"]
[BlackElo "2423"]
[EventDate "2007.04.03"]
[PlyCount "81"]

1.c4 e5 2.g3 Nf6 3.Bg2 d5 4.cxd5 Nxd5 5.Nf3 Nc6 6.O-O Nb6 7.Nc3 Be7 8.a4 
a5 9.d4 exd4 10.Nb5 Bf6 11.e4 Bg4 12.Bf4 Rc8 13.e5 Be7 14.Nbxd4 Nxd4 15.
Qxd4 O-O 16.Qe4 c6 17.Be3 Bh5 18.Bh3 Ra8 19.Nd4 Bg6 20.Nf5 Nd5 21.Rad1 Re8
22.Qf3 Bf8 23.Bd4 Qc7 24.b3 Rad8 25.g4 c5 26.Bb2 Nb4 27.Bg2 Nc6 28.Qg3 
Bxf5 29.gxf5 Nd4 30.Bxd4 Rxd4 31.f4 Red8 32.Rde1 Rd3 33.Qg4 Rxb3 34.f6 g6 
35.f5 Rd4 36.Qe2 gxf5 37.Rxf5 Rbb4 38.Rg5+ Kh8 39.e6 Rh4 40.h3 Qd6 41.e7 
1-0

[Event "8th EUR-ch (w)"]
[Site "Dresden GER"]
[Date "2007.04.08"]
[Round "6"]
[White "Peptan, Corina-Isabela"]
[Black "Meshcheriakova, Evgenia"]
[Result "1/2-1/2"]
[WhiteElo "2422"]
[BlackElo "2309"]
[EventDate "2007.04.03"]
[PlyCount "169"]

1.e4 e5 2.Nf3 Nc6 3.Bb5 a6 4.Ba4 Nf6 5.O-O Be7 6.Re1 b5 7.Bb3 O-O 8.h3 d6 
9.c3 Na5 10.Bc2 c5 11.d3 Re8 12.Nbd2 Bb7 13.Nf1 Bf8 14.Bg5 h6 15.Bh4 Be7 
16.Ne3 g6 17.a3 Nh5 18.Bxe7 Qxe7 19.b4 Nc6 20.Nd5 Qd8 21.Qd2 Kg7 22.Nh2 
Rc8 23.Bd1 Nf6 24.Ng4 Nxg4 25.Bxg4 Rb8 26.Qe3 Qg5 27.a4 cxb4 28.axb5 axb5 
29.Qxg5 hxg5 30.Bd7 Red8 31.Bxc6 Bxc6 32.Nxb4 Bd7 33.Ra7 Be6 34.Rea1 Rbc8 
35.R1a3 Rc5 36.Na6 Rc6 37.Nc7 d5 38.exd5 Bxd5 39.Nxb5 e4 40.dxe4 Bxe4 41.
Nd4 Rb6 42.Rc7 Ra8 43.Rxa8 Bxa8 44.c4 Rd6 45.Nb5 Rd1+ 46.Kh2 Kf6 47.c5 Rc1
48.Na7 Bd5 49.Nc8 Ke5 50.Nb6 Be6 51.Nd7+ Bxd7 52.Rxd7 Ke6 53.Rc7 f5 54.c6 
Rc2 55.Rc8 Rxf2 56.Rg8 Rc2 57.Rxg6+ Ke5 58.Rxg5 Kf6 59.h4 Rxc6 60.Rg3 Rc8 
61.Kh3 Rc1 62.Rg8 Kf7 63.Ra8 Rc3+ 64.Kh2 Kg6 65.Rg8+ Kf7 66.Rg3 Rc4 67.Kh3
Rc1 68.Ra3 Kg6 69.Ra6+ Kg7 70.g3 Rc3 71.Kg2 Rb3 72.h5 Rc3 73.Ra5 Kf6 74.h6
Kg6 75.Ra6+ Kh7 76.Rf6 Rb3 77.Kh3 f4 78.Rxf4 Kxh6 79.Kg4 Kg6 80.Ra4 Rb6 
81.Kh4 Rc6 82.Rg4+ Kh6 83.Rg8 Rc4+ 84.g4 Rc1 85.g5+ 1/2-1/2

[Event "8th EUR-ch (w)"]
[Site "Dresden GER"]
[Date "2007.04.08"]
[Round "6"]
[White "Sharevich, Anna"]
[Black "Pogonina, Natalia"]
[Result "1/2-1/2"]
[WhiteElo "2323"]
[BlackElo "2419"]
[EventDate "2007.04.03"]
[PlyCount "114"]

1.e4 c5 2.f4 g6 3.Nf3 Bg7 4.c3 Nf6 5.d3 O-O 6.Na3 Nc6 7.Be2 d6 8.O-O Rb8 
9.Qe1 b5 10.Nc2 b4 11.c4 b3 12.axb3 Rxb3 13.Qh4 Bg4 14.h3 Bxf3 15.Bxf3 Qb6
16.e5 dxe5 17.Bxc6 Qxc6 18.fxe5 Nd7 19.Qxe7 Nxe5 20.Rxa7 Rxd3 21.Rc7 Rd7 
22.Rxd7 Nxd7 23.Rd1 Ne5 24.Ne3 Qe4 25.Qxc5 Nd3 26.Qd5 Qxd5 27.Nxd5 Nxc1 
28.Rxc1 Bxb2 29.Rc2 Bd4+ 30.Kf1 Bc5 31.Nf6+ Kg7 32.Nd7 Rc8 33.Nxc5 Rxc5 
34.Ke2 Kf6 35.Kd3 Ke6 36.Rb2 Rg5 37.Kd4 Kd6 38.Rb6+ Kd7 39.Rf6 Rxg2 40.
Rxf7+ Kd6 41.Rxh7 Rd2+ 42.Ke3 Rc2 43.Kf4 Rxc4+ 44.Kg5 Ke6 45.Kxg6 Rc3 46.
h4 Rg3+ 47.Kh6 Kf6 48.Ra7 Rb3 49.h5 Rb5 50.Ra1 Kf7 51.Rf1+ Kg8 52.Rf6 Rb7 
53.Rg6+ Kh8 54.Rc6 Rh7+ 55.Kg6 Rg7+ 56.Kf6 Kh7 57.Rc8 Ra7 1/2-1/2

[Event "8th EUR-ch (w)"]
[Site "Dresden GER"]
[Date "2007.04.08"]
[Round "6"]
[White "Muhren, Bianca"]
[Black "Gvetadze, Sopio"]
[Result "1-0"]
[WhiteElo "2311"]
[BlackElo "2411"]
[EventDate "2007.04.03"]
[PlyCount "81"]

1.e4 c5 2.Nf3 d6 3.d4 cxd4 4.Nxd4 Nf6 5.Nc3 e6 6.Be2 Be7 7.O-O O-O 8.f4 
Nc6 9.Be3 a6 10.a4 Qc7 11.Kh1 Rb8 12.Qe1 Bd7 13.Nb3 Nb4 14.Qf2 b6 15.Bf3 
Bc6 16.Rad1 Rfd8 17.Nd4 Ba8 18.Qg3 Kh8 19.e5 Nfd5 20.Bd2 Qc4 21.Ne4 Qxd4 
22.exd6 Bf8 23.c3 Qc4 24.cxb4 Bxd6 25.Nxd6 Rxd6 26.f5 Rdd8 27.fxe6 fxe6 
28.Qe5 Nf6 29.Bxa8 Rxa8 30.Bc3 Rf8 31.h3 Rae8 32.Rf4 Qc8 33.Rdf1 Qd8 34.b5
axb5 35.axb5 Kg8 36.Qg5 h6 37.Qg6 e5 38.Rxf6 Rxf6 39.Rxf6 Qd7 40.Rxb6 Rf8 
41.Qe6+ 1-0

[Event "8th EUR-ch (w)"]
[Site "Dresden GER"]
[Date "2007.04.08"]
[Round "6"]
[White "Nill, Jessica"]
[Black "Lomineishvili, Maia"]
[Result "0-1"]
[WhiteElo "2283"]
[BlackElo "2399"]
[EventDate "2007.04.03"]
[PlyCount "72"]

1.d4 Nf6 2.c4 g6 3.Nc3 Bg7 4.e4 d6 5.Nf3 O-O 6.Be2 e5 7.O-O Nc6 8.d5 Ne7 
9.Ne1 Nd7 10.Nd3 f5 11.f3 f4 12.Bd2 g5 13.Rc1 Ng6 14.Nf2 h5 15.Nb5 a6 16.
Nc3 Rf7 17.b4 Bf8 18.g3 Rg7 19.g4 Rh7 20.a4 Nf6 21.a5 Qe7 22.gxh5 Rxh5 23.
Ng4 Rh3 24.Nxf6+ Qxf6 25.Rf2 Qh8 26.Na4 Be7 27.c5 g4 28.fxg4 Bh4 29.Qf1 
Bg3 30.Qg2 Bd7 31.Nb2 Qh4 32.cxd6 cxd6 33.Be1 Rf8 34.Bf3 Rf7 35.Re2 Bxg4 
36.Rc3 Rxh2 0-1

[Event "8th EUR-ch (w)"]
[Site "Dresden GER"]
[Date "2007.04.08"]
[Round "6"]
[White "Melia, Salome"]
[Black "Seps, Monika"]
[Result "1-0"]
[WhiteElo "2396"]
[BlackElo "2265"]
[EventDate "2007.04.03"]
[PlyCount "105"]

1.e4 c5 2.Nf3 d6 3.c3 Nf6 4.Be2 g6 5.O-O Bg7 6.Bb5+ Nbd7 7.Re1 a6 8.Bf1 
Ne5 9.Nxe5 dxe5 10.a3 O-O 11.b4 Nd7 12.d3 Qc7 13.Be3 b6 14.Nd2 Bb7 15.a4 
a5 16.Qb3 Ba6 17.Rec1 Qd6 18.bxa5 bxa5 19.Nc4 Rfb8 20.Qa2 Bxc4 21.Qxc4 Rb2
22.Rcb1 Rab8 23.Rxb2 Rxb2 24.Bc1 Rb8 25.Be2 Qc6 26.Bd1 e6 27.Bc2 Bf8 28.g3
Bd6 29.Ba3 Nb6 30.Qb5 Qa8 31.Rb1 Nd5 32.Qc4 Nb6 33.Qa2 Qc6 34.Rb5 Nxa4 35.
Rxb8+ Bxb8 36.Qc4 Nb6 37.Qxc5 Qxc5 38.Bxc5 Bc7 39.Kf1 Kg7 40.Ke2 f5 41.f3 
Nd7 42.Ba3 Bb6 43.Bb2 Bc5 44.d4 Bd6 45.Kd3 Nb6 46.c4 Bc7 47.c5 fxe4+ 48.
fxe4 Nd7 49.Ba4 Nf6 50.Bb3 Kf7 51.d5 exd5 52.exd5 a4 53.d6+ 1-0

[Event "8th EUR-ch (w)"]
[Site "Dresden GER"]
[Date "2007.04.08"]
[Round "6"]
[White "Rybenko, Ksenia"]
[Black "Bosboom-Lanchava, Tea"]
[Result "0-1"]
[WhiteElo "2239"]
[BlackElo "2383"]
[EventDate "2007.04.03"]
[PlyCount "84"]

1.e4 g6 2.d4 Bg7 3.Nf3 d6 4.c3 Nf6 5.Bd3 O-O 6.O-O Nc6 7.Re1 e5 8.h3 Nd7 
9.Bg5 Qe8 10.Be3 a6 11.Qd2 f6 12.a4 Kh8 13.Na3 f5 14.exf5 gxf5 15.Bh6 e4 
16.Bxg7+ Kxg7 17.Bf1 Qh5 18.Nh2 Nf6 19.d5 Ne5 20.Nc2 Bd7 21.c4 Qg6 22.Nd4 
Nh5 23.Be2 Kh8 24.Bxh5 Qxh5 25.f3 Qg6 26.Qc3 Rg8 27.Re2 Rg7 28.Rf1 h5 29.
fxe4 fxe4 30.Rf4 e3 31.Qxe3 Nxc4 32.Qe4 Rag8 33.Qxg6 Rxg6 34.Ne6 Ne3 35.
Rxe3 Rxg2+ 36.Kf1 Rg1+ 37.Ke2 R8g2+ 38.Rf2 Bxa4 39.Nd4 Bd1+ 40.Kd3 Rxf2 
41.Nhf3 Bxf3 42.Nxf3 Rg3 0-1

[Event "8th EUR-ch (w)"]
[Site "Dresden GER"]
[Date "2007.04.08"]
[Round "6"]
[White "Stiri, Alexandra"]
[Black "Kononenko, Tatiana"]
[Result "0-1"]
[WhiteElo "2258"]
[BlackElo "2382"]
[EventDate "2007.04.03"]
[PlyCount "52"]

1.e4 e6 2.d4 d5 3.Nd2 c5 4.exd5 Qxd5 5.Ngf3 cxd4 6.Bc4 Qd6 7.O-O Nf6 8.Nb3
Nc6 9.Nbxd4 Nxd4 10.Nxd4 a6 11.c3 Qc7 12.Qe2 Bd7 13.g3 Rc8 14.Bb3 Be7 15.
Re1 O-O 16.Nf5 exf5 17.Qxe7 Rce8 18.Bf4 Qc6 19.Qd6 Qf3 20.Rxe8 Rxe8 21.Qd4
Re2 22.Be3 Bc6 23.Kf1 h5 24.Qd8+ Kh7 25.Bd4 Re8 26.Qc7 Qh1# 0-1

[Event "8th EUR-ch (w)"]
[Site "Dresden GER"]
[Date "2007.04.08"]
[Round "6"]
[White "Houska, Jovanka"]
[Black "Franciskovic, Borka"]
[Result "1-0"]
[WhiteElo "2381"]
[BlackElo "2227"]
[EventDate "2007.04.03"]
[PlyCount "123"]

1.e4 c6 2.d4 d5 3.Nc3 dxe4 4.Nxe4 Bf5 5.Ng3 Bg6 6.h4 h6 7.Nf3 Nd7 8.h5 Bh7
9.Bd3 Bxd3 10.Qxd3 e6 11.Bd2 Ngf6 12.O-O-O Be7 13.Ne4 O-O 14.g4 Nxg4 15.
Rhg1 f5 16.Qb3 Rf7 17.Nc3 Nf8 18.Qxb7 Bf6 19.Qxc6 Nxf2 20.Rdf1 Ng4 21.Ne2 
Rc8 22.Qa6 Rfc7 23.c3 Rc6 24.Qd3 Qa5 25.Kb1 Rb8 26.Bf4 Rb7 27.Rg2 Nd7 28.
Nd2 Nb6 29.Nb3 Qd5 30.Qf3 Qxf3 31.Rxf3 Nc4 32.Ng3 Rcb6 33.Bc1 Bg5 34.Ne2 
a5 35.Nf4 Bxf4 36.Rxf4 a4 37.Nc5 Ra7 38.Re2 Nf6 39.d5 Na3+ 40.Ka1 Nxd5 41.
Rxa4 Nxc3 42.Rxa7 Nxe2 43.Ra8+ Kf7 44.Ra7+ Kg8 45.Rxa3 Nxc1 46.Re3 f4 47.
Re1 Nxa2 48.Kxa2 Kf7 49.Re4 g5 50.hxg6+ Kxg6 51.Rxf4 Kg5 52.Rf8 h5 53.Ka3 
h4 54.b4 h3 55.Ne4+ Kg4 56.Rh8 e5 57.Nf2+ Kg3 58.Nxh3 e4 59.Re8 Kxh3 60.
Rxe4 Kg3 61.Ka4 Kf3 62.Re8 1-0